Communications Engineering Technology : A Comprehensive Collection of Papers 1953-2007

Enregistré dans:
Détails bibliographiques
Format: Kit Livre
Langue:anglais
Publié: Piscataway : IEEE Computer Society, 2008
Sujets:
Tags: Ajouter un tag
Pas de tags, Soyez le premier à ajouter un tag!

MARC

LEADER 00000npm a22000003a 4500
001 stu171565
005 20180313133723.5
008 081006s2008----xxu-----------------eng-d
040 |a STU  |b slo 
041 0 |a eng 
044 |a xxu 
245 |a Communications Engineering Technology :  |b A Comprehensive Collection of Papers 1953-2007 
260 |a Piscataway :  |b IEEE Computer Society,  |c 2008 
300 |a 4 DVD 
650 7 |a komunikačné systémy  |2 stusub 
650 7 |a systémy prenosu dát  |2 stusub 
650 7 |a IEEE  |2 stusub 
996 |b 284EO00117  |c E*O-117  |l EE16  |s P  |a 0  |w stu171565_0001